Encinas rotas : (Record no. 181306)

MARC details
000 -LEADER
campo de control de longitud fija 00843nam a2200229 i 4500
001 - NÚMERO DE CONTROL
campo de control 181306
003 - IDENTIFICADOR DE NÚMERO DE CONTROL
campo de control ES-MaACL
005 - FECHA Y HORA DE LA ÚLTIMA TRANSACCIÓN
campo de control 20251012063102.0
008 - DATOS DE LONGITUD FIJA--INFORMACIÓN GENERAL
campo de control de longitud fija 121207s2011 sp | |||||||| | spa d
020 ## - NÚMERO INTERNACIONAL ESTÁNDAR DEL LIBRO
Número Internacional Estándar del Libro 84-89629-72-2
080 ## - NÚMERO DE LA CLASIFICACIÓN DECIMAL UNIVERSAL
Número de la Clasificación Decimal Universal 821.134.2-14"19"
100 1# - ENTRADA PRINCIPAL--NOMBRE DE PERSONA
Nombre de persona Sanjuán, Eladio,
Fechas asociadas al nombre 1945-
9 (RLIN) 151927
245 10 - MENCIÓN DEL TÍTULO
Título Encinas rotas :
Resto del título poesías /
Mención de responsabilidad, etc. Eladio San Juan Brasero.
260 ## - PUBLICACIÓN, DISTRIBUCIÓN, ETC.
Lugar de publicación, distribución, etc. [Pinto, Madrid] :
Nombre del editor, distribuidor, etc. Asociación Cultural, Literaria y Artística Encuentro de Aromas,
Fecha de publicación, distribución, etc. 2011.
300 ## - DESCRIPCIÓN FÍSICA
Extensión 163 p. ;
Dimensiones 20 cm.
490 1# - MENCIÓN DE SERIE
Mención de serie El búho de Minerva ;
Designación de volumen o secuencia n. 81
830 0# - PUNTO DE ACCESO ADICIONAL DE SERIE-TÍTULO UNIFORME
Título uniforme El búho de Minerva ;
Designación de volumen o secuencia n. 81
9 (RLIN) 191429
852 ## - LOCALIZACIÓN
Ubicación ES-MaACL
Número de control de estantería A-12356
itemnumber 188190
Sublocalización o colección R.148590
Ubicación en estantería Depósito 1
Signatura antigua Olim: N-5361
Encuadernación Donación: Eladio Sanjuán Brasero
903 ## - NOMBRE PERSONAL DE DONANTE
a Sanjuán, Eladio,
d 1945-
e Donante
9 151927
942 ## - ELEMENTOS DE ENTRADA SECUNDARIOS (KOHA)
Fuente del sistema de clasificación o colocación Clasificación decimal universal
Tipo de ítem Koha Libro impreso
Holdings
Estatus retirado Estado de pérdida Fuente del sistema de clasificación o colocación Estado de daño No para préstamo Biblioteca de origen Biblioteca actual Ubicación en estantería Fecha de adquisición Fuente de adquisición Total de préstamos Signatura topográfica completa Código de barras Visto por última vez Precio de reemplazo Tipo de ítem Koha
    Clasificación decimal universal     Biblioteca del Ateneo de Madrid Biblioteca del Ateneo de Madrid Depósito 1 07/12/2012 Donación   A-12356 1190529 23/02/2023 23/02/2023 Libro impreso